000 00457nam a2200181Ia 4500
001 19714
005 20260306172713.0
008 260306t2008||||xx |||||||||||||| ||spa||
041 _aESP
082 _a341
_bL25
100 _aLariguet, Guillermo
_eAUT
245 0 _aDilemas y conflictos trágicos:
_buna investigación conceptual
260 _c2008
300 _a415 páginas :
_c20 cm.
650 _aGEN
654 _aCDE
942 _cLIB
_dJUS
_fJUS
_2ddc
_n
999 _c19714
_d19714